Представление документа в формате MARC21

Поле Инд. ПП Название Значение
Тип записи a
Библиографический уровень b
001 Контрольный номер RU/IS/BASE/293129987
005 Дата корректировки 20200630193143.8
008 Кодируемые данные 20090415
040 b Код языка каталог. rus
e Правила каталог. PSBO
041 0_ a Код языка текста rus
084 a Индекс другой классификации/Индекс ББК 60.51(4Гем)6; 60.55
100 1_ a Автор Катаев Д. В.
q Полное имя Катаев Дмитрий Валентинович
245 10 a Заглавие Системная теория в социологии организации и концепция М. Вебера
504 a Библиография Библиогр. ссылки
600 a Персоналии Вебер Макс
650 14 a Основная рубрика история социологии
a Основная рубрика социология
a Основная рубрика социология организаций
653 a Ключевые слова XIX век
a Ключевые слова XX век
a Ключевые слова бюрократическая организация
a Ключевые слова бюрократическое управление
a Ключевые слова бюрократия
a Ключевые слова бюрократия рациональная
a Ключевые слова Германия
a Ключевые слова социология управления
a Ключевые слова управление
773 08 t Заглавие источника Вестник Московского университета. Серия 18, Социология и политология
d Дата издания источника 2008
g Прочая информация № 4. - С. 83 - 91
w Контрольный № источника RU/IS/BASE/292076337
901 t Тип документа b